Cleopatra (Record no. 15013)

MARC details
000 -LEADER
fixed length control field 02096ngm a2200433 4500
003 - CONTROL NUMBER IDENTIFIER
control field dpl
005 - DATE AND TIME OF LATEST TRANSACTION
control field 20080822165227.0
007 - PHYSICAL DESCRIPTION FIXED FIELD--GENERAL INFORMATION
fixed length control field DVD
008 - FIXED-LENGTH DATA ELEMENTS--GENERAL INFORMATION
fixed length control field 080822t xxu||||| |||| 00| 0 eng d
010 ## - LIBRARY OF CONGRESS CONTROL NUMBER
LC control number DVD-000198-200
020 ## - INTERNATIONAL STANDARD BOOK NUMBER
International Standard Book Number 0793911435
024 ## - OTHER STANDARD IDENTIFIER
Standard number or code FOX1069
Terms of availability 799.00
024 ## - OTHER STANDARD IDENTIFIER
Standard number or code 086162114335
040 ## - CATALOGING SOURCE
Original cataloging agency dpl
082 ## - DEWEY DECIMAL CLASSIFICATION NUMBER
Classification number DVD / CLE
245 ## - TITLE STATEMENT
Title Cleopatra
Medium DVD [videorecording] /
Statement of responsibility, etc Twentieth Century-Fox ; produced by Walter Wanger ; directed by Joseph L. Mankiewicz.
260 ## - PUBLICATION, DISTRIBUTION, ETC. (IMPRINT)
Place of publication, distribution, etc Livonia, Mich. :
Name of publisher, distributor, etc CBS/Fox Video,
Date of publication, distribution, etc 1988.
300 ## - PHYSICAL DESCRIPTION
Extent 12 DVD (246 min.) :
Other physical details sd., col. ;
Dimensions 4 3/4 in.
500 ## - GENERAL NOTE
General note Originally released as a motion picture in 1963.
511 ## - PARTICIPANT OR PERFORMER NOTE
Participant or performer note Elizabeth Taylor, Richard Burton, Rex Harrison.
520 ## - SUMMARY, ETC.
Summary, etc Taylor stars as the ambitious queen of Egypt whose involvement with Marc Anthony and Julius Caesar led to her eventual downfall and suicide.
521 ## - TARGET AUDIENCE NOTE
Target audience note General.
538 ## - SYSTEM DETAILS NOTE
System details note Dolby 5.1, presented in 2.35:1 aspect ratio widescreen version 16.9, NTSC, DVD 9 Dual layer
546 ## - LANGUAGE NOTE
Language note subtitles in English Korean, Cantonse, Mandrain, Tahi
600 ## - SUBJECT ADDED ENTRY--PERSONAL NAME
Personal name Cleopatra,
Titles and other words associated with a name Queen of Egypt,
Dates associated with a name d. 30 B.C
General subdivision Drama.
600 ## - SUBJECT ADDED ENTRY--PERSONAL NAME
Personal name Cleopatra,
Titles and other words associated with a name Queen of Egypt,
Dates associated with a name d. 30 B.C.
Source of heading or term sears.
650 ## - SUBJECT ADDED ENTRY--TOPICAL TERM
Topical term or geographic name as entry element Historical films.
651 ## - SUBJECT ADDED ENTRY--GEOGRAPHIC NAME
Geographic name Egypt.
Source of heading or term sears
General subdivision History
-- Drama.
700 ## - ADDED ENTRY--PERSONAL NAME
Personal name Mankiewicz, Joseph L.
700 ## - ADDED ENTRY--PERSONAL NAME
Personal name Taylor, Elizabeth,
Dates associated with a name 1932-
700 ## - ADDED ENTRY--PERSONAL NAME
Personal name Burton, Richard,
Dates associated with a name 1925-
700 ## - ADDED ENTRY--PERSONAL NAME
Personal name Harrison, Rex.
710 ## - ADDED ENTRY--CORPORATE NAME
Corporate name or jurisdiction name as entry element CBS Fox Video.
942 ## - ADDED ENTRY ELEMENTS (KOHA)
Koha item type CD-ROMs, DVDs, VHS
Source of classification or shelving scheme Dewey Decimal Classification
Classification part DVD
Call number suffix CLE
Holdings
Withdrawn status Lost status Source of classification or shelving scheme Damaged status Not for loan Home library Current library Date acquired Cost, normal purchase price Total Checkouts Total Renewals Full call number Barcode Date last seen Date checked out Copy number Cost, replacement price Price effective from Koha item type
    Dewey Decimal Classification     Central Library Central Library 22/08/2008 799.00 60 1 DVD CLE DVD-000198 06/01/2018 05/01/2018 1 799.00 15/09/2008 CD-ROMs, DVDs, VHS
    Dewey Decimal Classification     Patel Nagar Patel Nagar 22/08/2008 799.00 22 2 DVD CLE DVD-000200 24/10/2019 05/05/2011 1 799.00 15/09/2008 CD-ROMs, DVDs, VHS
    Dewey Decimal Classification     Sarojini Nagar Sarojini Nagar 22/08/2008 799.00 48 1 DVD CLE DVD-000199 02/11/2016 19/10/2016 1 799.00 15/09/2008 CD-ROMs, DVDs, VHS

© Delhi Public Library
Hit Counter
free hit counter